000 00499nmm a2200169Ia 4500
008 251105s9999||||xx |||||||||||||||||und||
020 _a9788486547004
041 _aspa
100 _aFernández de Navarrete, Martín
245 0 _aEspañoles en las Cruzadas
264 _a[Madrid, España] :
_bEdiciones Polifemo,
_c1986
300 _a151 páginas
490 _aEspejo navegante
650 _aHistory of Europe: Spain
856 _uhttps://public.digitaliapublishing.com/a/18885
942 _cCF
999 _c86941
_d86941